000 00474nam a2200181Ia 4500
008 090124s9999 xx 000 0 und d
082 _b124545
100 _aमंगेशकर गीता
245 _a आक्रमण
250 _a1
260 _c1987
300 _a282
600 _aमंगेशकर गीता
630 _a आक्रमण
700 _aमंगेशकर गीता
730 _a आक्रमण
942 _cBOOK
999 _c170632
_d170632